La Patria Boba (Registro nro. 303327)
[ vista simple ]
| 000 -ENCABEZADO | |
|---|---|
| Número de control [NR] | 01333nam a2200277 4500 |
| 005 - FECHA Y HORA DE LA ÚLTIMA TRANSACCIÓN | |
| control field | 20190926144035.0 |
| 008 - DE LONGITUD FIJA DE DATOS DE ELEMENTOS - INFORMACIÓN GENERAL | |
| Elementos de longitud fija [NR] | 160429s1902 ck |||fr|||| 001 0 spa d |
| 040 ## - FUENTE DE CATALOGACION [NR] | |
| Agencia de catalogación original [NR] | CO-BoUCM |
| Idioma de catalogación [NR] | spa |
| Quien Cataloga | Sandra Yazo |
| Quien Clasifica | Sandra Yazo |
| 041 0# - CODIGO DE IDIOMA [R] | |
| Código de idioma para texto/pista de sonido o título separado [R] | Español |
| 082 04 - NUMERO DE CLASIFICACION DECIMAL DEWEY [R] | |
| Número de la edición [NR] | 20 |
| Número de clasificación [R] | 986.013 |
| 092 ## - SIGNATURA TOPOGRAFICA LOCAL | |
| Número de clasificación local | E39N060 |
| 245 03 - MENCION DE TITULO [NR] | |
| Título [NR] | La Patria Boba |
| 260 ## - PUBLICACION, DISTRIBUCION, ETC. (PIE DE IMPRENTA) [R] | |
| Lugar de publicación, distribución, etc. [R] | Bogotá (Colombia) |
| Nombre del editor, distribuidor, etc. [R] | Imprenta Nacional |
| Fecha de publicación, distribución, etc. [R] | 1902 |
| 300 ## - DESCRIPCION FISICA [R] | |
| Extensión [R] | xx, 476 páginas |
| Dimensiones [R] | 25 x 18 cm |
| 490 #0 - MENCION DE SERIE [R] | |
| Mención de serie [R] | Biblioteca de historia nacional |
| Designación numérica/secuencial del volumen [NR] | 1 |
| 500 ## - NOTA GENERAL [R] | |
| Nota general [NR] | Detalles físicos: Encuadernación rígida (holandesa con punteras) en cartón forrado en papel. Lomo en cuero, muy desgastado. Tapas con raspaduras y deterioro en bordes. Guardas. Anteportada. Portada impresa en dos tintas. Cenefa. Letra mayúscula. Texto impreso en una sola tinta. Papel manchado |
| 505 0# - NOTA DE CONTENIDO CON FORMATO PREESTABLECIDO [R] | |
| Nota de contenido con formato preestablecido [NR] | Umbral ; Introito ; Tiempos coloniales / J. A. Vargas Jurado ; En la independencia / J. M. Caballero ; Santa fe cautiva / J. A. de Torres y Peña |
| 506 ## - NOTA DE RESTRICCIONES DE ACCESO [R] | |
| Condiciones de acceso [NR] | Consulta en sala |
| 650 #7 - ASIENTO SECUNDARIO DE MATERIA - TERMINO TEMATICO [R] | |
| 9 (RLIN) | 7910 |
| Término temático o nombre geográfico como elemento de entrada [NR] | Periodo Colonial |
| Subdivisión geográfica [R] | Colombia |
| 690 ## - ASUNTO AGREGADO LOCAL DE ENTRADA - TÉRMINO TEMÁTICO (OCLC, RLIN) | |
| Acceso temático local | Historia de Colombia |
| 9 (RLIN) | 26508 |
| 700 1# - ASIENTO SECUNDARIO - NOMBRE PERSONAL [R] | |
| Nombre personal [NR] | Vargas Jurado, J.A. |
| 9 (RLIN) | 76938 |
| 700 1# - ASIENTO SECUNDARIO - NOMBRE PERSONAL [R] | |
| Nombre personal [NR] | Caballero, J. M. |
| 9 (RLIN) | 76939 |
| 700 1# - ASIENTO SECUNDARIO - NOMBRE PERSONAL [R] | |
| Nombre personal [NR] | Torres y Peña, J. A. de |
| 9 (RLIN) | 76940 |
| 856 41 - LOCALIZACION Y ACCESO ELECTRONICOS [R] | |
| Identificador Uniforme del Recurso (“URI”) [R] | <a href="http://bdh-rd.bne.es/viewer.vm?id=0000089443&page=1">http://bdh-rd.bne.es/viewer.vm?id=0000089443&page=1</a> |
| Nota dirigida al público [R] | Disponible en línea |
| 942 ## - ELEMENTOS DE ENTRADA AGREGADOS (KOHA) | |
| Sistema de clasificación | LOCAL |
| Tipo de ítem principal el descrito en 300a | Libro |
| Edición | 1 |
| Clasificación | E39N060 |
| Suprimido | Perdido | Sistema de clasificación | Dañado | No prestable | Tipo de ítem específico | Ubicación habitual | Ubicación actual | Localización | Fecha de creación | Forma de adquisición | Costo | Total préstamos | Signatura topográfica | Código de barras | Última vez visto | Ejemplar | Price effective from | Tipo de ítem |
|---|---|---|---|---|---|---|---|---|---|---|---|---|---|---|---|---|---|---|
| LOCAL | Libro archivo | Archivo Histórico | Archivo Histórico | Archivo histórico | 29/04/2016 | Donación | 0.00 | E39N060 | L005578 | 29/04/2016 | Ej.1 | 29/04/2016 | Libro |